000 00257nam a22001217a 4500
082 _a100
_bGIB/P
100 _aKHALIL GIBRAN
245 _aTHE PROPHET
260 _aCALCUTTA
_bANKUR PUBLICATIONS
_c1996
300 _a113
650 _aNOVEL
_zINDIA
942 _cBK
999 _c2469
_d2469